| 000 | 00717cam a2200205 a 4500 | ||
|---|---|---|---|
| 020 | _a9789251055861 | ||
| 020 | _a9251055866 | ||
| 040 | _cMNU | ||
| 082 | _a634 FOO 2007 A091 Or. | ||
| 245 | 0 | 0 | _aState of the world's forests, 2007. |
| 246 | 3 | 0 | _aWorld's forests 2007 |
| 260 |
_aRome : _bFood and Agriculture Organization of the United Nations, _c2007. |
||
| 300 |
_axi, 144 p. : _bcol. ill. ; _c30 cm. |
||
| 650 | 0 | _aForest policy. | |
| 650 | 0 | _aForest management. | |
| 650 | 0 | _aForests and forestry. | |
| 710 | 2 | _aFood and Agriculture Organization of the United Nations. | |
| 856 | 4 | 1 | _uhttp://www.fao.org/forestry/foris/webview/forestry2/index.jsp?siteId=3321&sitetreeId=10107&langId=1&geoId=0 |
| 942 | _cEK | ||
| 999 |
_c15679 _d15679 |
||